| 000 | nam a22 a 4500 | ||
|---|---|---|---|
| 999 |
_c187481 _d187481 |
||
| 003 | BLK | ||
| 005 | 20221123142825.0 | ||
| 008 | 180411b bul|||||r ||||||| ||bul|| | ||
| 040 | _aBLK | ||
| 041 |
_aBUL _cBUL |
||
| 080 |
_aРуска литература _b821.161.1 _x(075.8) _z821.161.1(075.8) |
||
| 100 |
_aРусакиев, Симеон Сергеев _eпърви автор _91299 |
||
| 139 | _aРусакиев, Симеон Сергеев | ||
| 245 | 1 | 0 |
_aРуска литература _bДооктомврийски период 1890 - 1917 : Учебник за студенти от ВУЗ _cСимеон Русакиев; Симеон Русакиев Стоянов. |
| 250 | _a2. изд. | ||
| 257 | _aBGR | ||
| 260 |
_aСофия _bНаука и изкуство _c1976 _fВарна : Ст. Добрев-Странджата _9209548 _n978-954-02- |
||
| 300 |
_a444 с. _c22 см |
||
| 380 | _a82 | ||
| 500 | _a1 изд. 1971. - 10 074 тир. - Библиогр. с. 438-443 . - Пълното име на авт. е Симеон Русакиев Стоянов | ||
| 650 | 4 |
_aРуска литература - история _9260976 |
|
| 653 | _aруска литература | ||
| 653 | _aистория | ||
| 700 | 1 |
_aРусакиев, Симеон _qСтоянов, Симеон Русакиев _9428362 |
|
| 852 |
_aЦб 82702 _bЦб |
||
| 856 | 4 |
_qpdf _i0.00 _ldisable |
|
| 942 |
_cKNG _n0 _s1 |
||
| 944 |
_aCR _c18.11.2016 _kГеновева_Генчева |
||
| 944 |
_aED _c2022-10-20 |
||